Informe de la FESIAN
Guardado en:
| Institution som forfatter: | |
|---|---|
| Format: | Texto |
| Udgivet: |
San José:
CEDAL
|
| Tags: |
Tilføj Tag
Ingen Tags, Vær først til at tagge denne postø!
|
MARC
| LEADER | 00000 a a2200000 04500 | ||
|---|---|---|---|
| 001 | 18701 | ||
| 003 | |||
| 040 | |||
| 090 | |a 010200 | ||
| 110 | |a Federación Sindical Agraria Nacional (Costa Rica) | ||
| 245 | |a Informe de la FESIAN | ||
| 260 | |a San José: |b CEDAL | ||
| 300 | |a 1 p. | ||
| 999 | |c 10942 |d 10942 | ||
